Czech and Slovak lessons for public administration performance evaluation, management and finance

Skúmanie teoretických a praktických problémov spojených s hodnotením výkonnosti, výkonnostným manažmentom a financovaním vo verejnej správe, s využitím prípadov Českej a Slovenskej republiky.

Saved in:
Bibliographic Details
Main Author: Nemec, Juraj
Other Authors: Ochrana, František, Šumpíková, Markéta
Format: Book Chapter
Language:English
Subjects:
Tags: Add Tag
No Tags, Be the first to tag this record!

MARC

LEADER 00000naa$a2200000$$$4500
001 0082947
005 20231102111737.2
041 0 |a eng 
044 |a SK 
245 1 0 |a Czech and Slovak lessons for public administration performance evaluation, management and finance  |c Juraj Nemec, František Ochrana, Markéta Šumpíková 
520 |a Skúmanie teoretických a praktických problémov spojených s hodnotením výkonnosti, výkonnostným manažmentom a financovaním vo verejnej správe, s využitím prípadov Českej a Slovenskej republiky. 
610 2 0 |a správa verejná 
610 2 0 |a manažment 
610 2 0 |a financovanie 
610 2 0 |a Česko 
610 2 0 |a Slovensko 
610 2 0 |a výkonnosť 
100 1 |a Nemec, Juraj 
700 1 |a Ochrana, František 
700 1 |a Šumpíková, Markéta